[Event "Queensland-ch"]
[Site "Brisbane"]
[Date "2010.08.01"]
[Round "9"]
[White "Jackson, Ralph E"]
[Black "Stawski, Nikolai"]
[Result "0-1"]
[WhiteElo "2039"]
[BlackElo "2010"]
[PlyCount "160"]
[EventDate "2010.07.09"]
[EventType "tourn"]
[EventRounds "9"]
[EventCountry "AUS"]
[SourceTitle "EXT 2023"]
[Source "ChessBase"]
[SourceDate "2022.10.05"]
[SourceVersion "1"]
[SourceVersionDate "2022.10.05"]
[SourceQuality "1"]

1. Nf3 g6 2. g3 Bg7 3. Bg2 f5 4. d4 Nf6 5. c4 0-0 6. 0-0 d6 7. Nc3 Qe8 8. d5 e5 9. dxe6 Qxe6 10. Nd5 Na6 11. Nd4 Qf7 12. Nxf6+ Qxf6 13. Nf3 Nc5 14. Rb1 a5 15. b3 Qe7 16. Bb2 f4 17. Bxg7 Kxg7 18. Qd4+ Qf6 19. Rbd1 fxg3 20. hxg3 Bf5 21. Nh4 Bc2 22. Rd2 Qxd4 23. Rxd4 g5 24. Nf3 h6 25. Nd2 Rae8 26. Bf3 Kg6 27. Rc1 Bf5 28. g4 Bd7 29. e3 Bc6 30. Bxc6 bxc6 31. Kg2 Ne6 32. Re4 Nc5 33. Rxe8 Rxe8 34. Nf3 Rb8 35. Nd4 Rb6 36. Rc3 a4 37. Kf3 Kf6 38. Ke2 axb3 39. Nxb3 Na4 40. Rc2 c5 41. f3 Rb4 42. Kd3 Nb6 43. Nd2 Kg6 44. a3 Ra4 45. Rc3 h5 46. gxh5+ Kxh5 47. Ke2 Nd7 48. Kf2 Kg6 49. Kg3 Kf5 50. Kh3 Ra8 51. Kg3 Ra4 52. Rb3 Nb6 53. Rc3 Nd7 54. Kf2 Ra6 55. Ne4 Rb6 56. Rc2 Ne5 57. Nd2 Ra6 58. Rc3 Ra8 59. Kg3 Rb8 60. Rc2 Ra8 61. Rc3 Ra6 62. Kf2 Ra8 63. Kg3 Ra6 64. f4 gxf4+ 65. exf4 Ng6 66. Nf1 Ke4 67. Nd2+ Kd4 68. Rf3 Ra8 69. Kg4 Rg8 70. Kh5 Nxf4+ 71. Rxf4+ Ke3 72. Rf3+ Kxd2 73. a4 c6 74. a5 d5 75. cxd5 cxd5 76. a6 c4 77. Rf2+ Ke3 78. Ra2 d4 79. a7 Ra8 80. Kg4 d3 0-1

[Event "Sydney op"]
[Site "Parramatta"]
[Date "2010.04.07"]
[Round "1"]
[White "Jackson, Ralph E"]
[Black "Zhao, Zong Yuan"]
[Result "0-1"]
[WhiteElo "2081"]
[BlackElo "2592"]
[PlyCount "56"]
[EventDate "2010.04.07"]
[EventType "swiss"]
[EventRounds "9"]
[EventCountry "AUS"]
[SourceTitle "CBM 135 Extra"]
[Source "ChessBase"]
[SourceDate "2010.05.04"]
[SourceVersion "1"]
[SourceVersionDate "2010.05.04"]
[SourceQuality "1"]

1. d4 Nf6 2. Nf3 g6 3. g3 Bg7 4. Bg2 0-0 5. 0-0 d6 6. Re1 Nbd7 7. e4 e5 8. c3 b6 9. a4 a6 10. b4 Bb7 11. d5 Re8 12. Na3 c6 13. c4 a5 14. b5 cxd5 15. cxd5 Nc5 16. Nd2 Nfd7 17. Ndc4 Qc7 18. Ra2 f5 19. f3 Rf8 20. Ne3 Rf7 21. g4 fxe4 22. fxe4 Bh6 23. h4 Bf4 24. Nf1 Raf8 25. g5 Bxc1 26. Qxc1 Rf4 27. h5 Qd8 28. Bh3 Nd3 0-1

[Event "Adelaide Freytag op"]
[Site "Adelaide"]
[Date "2009.07.05"]
[Round "5"]
[White "Jackson, Ralph E"]
[Black "Cheng, Bobby Sky"]
[Result "0-1"]
[WhiteElo "1916"]
[BlackElo "2130"]
[PlyCount "99"]
[EventDate "2009.07.04"]
[EventType "swiss"]
[EventRounds "7"]
[EventCountry "AUS"]
[SourceTitle "EXT 2023"]
[Source "ChessBase"]
[SourceDate "2022.10.05"]
[SourceVersion "1"]
[SourceVersionDate "2022.10.05"]
[SourceQuality "1"]

1. Nf3 d5 2. d4 e6 3. e3 c5 4. c3 Nf6 5. Bd3 b6 6. 0-0 Bb7 7. Nbd2 Nbd7 8. Ne5 Bd6 9. f4 0-0 10. Qc2 g6 11. Rf3 Ne8 12. Rh3 Ng7 13. Ndf3 Nxe5 14. Nxe5 f5 15. Bd2 Bxe5 16. fxe5 h5 17. Rf1 g5 18. Rhf3 Bc6 19. Be1 h4 20. g4 hxg3 21. Rxg3 c4 22. Be2 b5 23. Bd1 Rf7 24. Qg2 g4 25. h3 Nh5 26. hxg4 Nxg3 27. Bxg3 Rg7 28. Qh2 Qg5 29. Bf4 Qg6 30. g5 Rh7 31. Qg2 Kf7 32. Bf3 a5 33. Qd2 Ke7 34. a3 Be8 35. Rf2 Rb8 36. Rg2 Qg7 37. Qe2 Bg6 38. Qd2 Qh8 39. Rh2 Rxh2 40. Bxh2 Bh5 41. Bg2 Bg4 42. Bf4 Kf7 43. Qe1 Kg6 44. Kf1 Qh5 45. Kg1 Bf3 46. Bf1 Be4 47. Bg2 Qg4 48. Qg3 Qxg3 49. Bxg3 Bxg2 50. Kxg2 0-1

[Event "Adelaide Queen's Birthday op"]
[Site "Adelaide"]
[Date "2009.06.07"]
[Round "5"]
[White "Jackson, Ralph E"]
[Black "Cameron, Alistair"]
[Result "1-0"]
[WhiteElo "1916"]
[BlackElo "1671"]
[PlyCount "74"]
[EventDate "2009.06.06"]
[EventType "swiss"]
[EventRounds "6"]
[EventCountry "AUS"]
[SourceTitle "EXT 2023"]
[Source "ChessBase"]
[SourceDate "2022.10.05"]
[SourceVersion "1"]
[SourceVersionDate "2022.10.05"]
[SourceQuality "1"]

1. d4 Nf6 2. Nf3 g6 3. g3 Bg7 4. Bg2 0-0 5. 0-0 d5 6. c4 Bf5 7. cxd5 Nxd5 8. Qb3 Nc6 9. Nc3 Nxc3 10. bxc3 Rb8 11. Ba3 Re8 12. e4 Bg4 13. h3 Bxf3 14. Bxf3 e5 15. d5 Na5 16. Qa4 b6 17. Rfd1 Qf6 18. Be2 Red8 19. c4 h5 20. c5 h4 21. Kg2 hxg3 22. fxg3 Ra8 23. Rd3 Nb7 24. Rf3 Qg5 25. Raf1 f6 26. Qc6 Nxc5 27. Bxc5 bxc5 28. Qxc5 Qd2 29. R1f2 Qd4 30. Qc6 Qxe4 31. Bd3 Qd4 32. Qe6+ Kh7 33. Bxg6+ Kh8 34. Bf7 Rf8 35. Rf5 Qe4+ 36. Kh2 Bh6 37. Rxf6 Qe3 1-0

[Event "Adelaide Checkmate op"]
[Site "Adelaide"]
[Date "2008.10.10"]
[Round "6"]
[White "Zulfic, Fedja"]
[Black "Jackson, Ralph E"]
[Result "0-1"]
[WhiteElo "1856"]
[BlackElo "1899"]
[PlyCount "72"]
[EventDate "2008.07.05"]
[EventType "swiss"]
[EventRounds "7"]
[EventCountry "AUS"]
[SourceTitle "EXT 2023"]
[Source "ChessBase"]
[SourceDate "2022.10.05"]
[SourceVersion "1"]
[SourceVersionDate "2022.10.05"]
[SourceQuality "1"]

1. d4 g6 2. Nf3 Bg7 3. c4 Nf6 4. Nc3 d5 5. Bf4 0-0 6. e3 c6 7. h3 Nbd7 8. Be2 dxc4 9. Bxc4 b5 10. Bb3 a5 11. 0-0 Ba6 12. Re1 c5 13. Rc1 c4 14. Bc2 b4 15. Na4 Nd5 16. Bh2 Bh6 17. Ne5 Nxe5 18. Bxe5 Bb5 19. Nc5 c3 20. b3 e6 21. Bd3 Bc6 22. Bc4 Nb6 23. Qd3 a4 24. Rc2 axb3 25. Bxb3 Na4 26. Nxa4 Bxa4 27. Bxa4 Rxa4 28. Qb5 Qa8 29. Qc4 Rc8 30. Qb3 Bf8 31. Kh2 Ra3 32. Qb1 Qa6 33. Qa1 Ra8 34. Ree2 Qd3 35. d5 exd5 36. Qb1 b3 0-1

[Event "Adelaide Checkmate op"]
[Site "Adelaide"]
[Date "2008.07.21"]
[Round "3"]
[White "Hu, Jason"]
[Black "Jackson, Ralph E"]
[Result "0-1"]
[WhiteElo "2141"]
[BlackElo "1899"]
[PlyCount "116"]
[EventDate "2008.07.05"]
[EventType "swiss"]
[EventRounds "7"]
[EventCountry "AUS"]
[SourceTitle "EXT 2010"]
[Source "ChessBase"]
[SourceDate "2010.11.25"]
[SourceVersion "1"]
[SourceVersionDate "2010.11.25"]
[SourceQuality "1"]

1. c4 c5 2. Nf3 Nc6 3. g3 g6 4. d4 cxd4 5. Nxd4 Bg7 6. Nxc6 bxc6 7. Bg2 Qb6 8. Qc2 Nf6 9. 0-0 0-0 10. b3 d5 11. Be3 Qa6 12. Bd4 Bf5 13. Qc3 c5 14. Be5 d4 15. Qc1 Rad8 16. Nd2 Bh6 17. Qb2 Qe6 18. Nf3 Bh3 19. Rad1 Nh5 20. Qa3 Bxg2 21. Kxg2 Qc6 22. g4 Nf4+ 23. Bxf4 Bxf4 24. Qxa7 Rd7 25. Qa4 Qxa4 26. bxa4 Ra7 27. Nd2 Rxa4 28. Kf3 Bxd2 29. Rxd2 Rxc4 30. Ke4 f5+ 31. Kd5 Rc3 32. gxf5 Rxf5+ 33. Ke6 Ra3 34. Rb2 Ra6+ 35. Kd7 e5 36. Kc8 Rf7 37. Kb8 Re6 38. Rb7 Ra6 39. Rb2 c4 40. f3 c3 41. Rb5 Re7 42. Ra1 Rc6 43. a4 e4 44. fxe4 Rxe4 45. Rd5 Rc4 46. a5 c2 47. Rc1 Rxe2 48. a6 Rb4+ 49. Kc7 Ra4 50. Rd8+ Kg7 51. Rd7+ Kh6 52. Kb7 Rb4+ 53. Kc7 Ra4 54. Kb7 Rb4+ 55. Kc7 Ra4 56. Kb7 Rb4+ 57. Kc7 Rc4+ 58. Kb7 Re5 0-1

[Event "Adelaide Checkmate op"]
[Site "Adelaide"]
[Date "2008.07.07"]
[Round "5"]
[White "Jackson, Ralph E"]
[Black "Stojic, Dusan"]
[Result "0-1"]
[WhiteElo "1899"]
[BlackElo "2142"]
[PlyCount "62"]
[EventDate "2008.07.05"]
[EventType "swiss"]
[EventRounds "7"]
[EventCountry "AUS"]
[SourceTitle "EXT 2023"]
[Source "ChessBase"]
[SourceDate "2022.10.05"]
[SourceVersion "1"]
[SourceVersionDate "2022.10.05"]
[SourceQuality "1"]

1. Nf3 c5 2. g3 Nc6 3. Bg2 g6 4. 0-0 Bg7 5. c4 e5 6. Nc3 Nge7 7. d3 d6 8. a3 0-0 9. Rb1 a5 10. Nb5 d5 11. cxd5 Nxd5 12. Qc2 b6 13. Ng5 Nd4 14. Nxd4 exd4 15. b4 cxb4 16. axb4 axb4 17. Qb3 Bb7 18. Nh3 Qd7 19. Nf4 Nc3 20. Bxb7 Qxb7 21. Rb2 Ra4 22. Rc2 Rfa8 23. e4 dxe3 24. fxe3 Ra2 25. Rxa2 Rxa2 26. Bb2 Ne2+ 27. Nxe2 Rxb2 28. Qd1 b3 29. d4 Qe4 30. Kf2 Bh6 31. Qc1 Rc2 0-1

[Event "Adelaide Checkmate op"]
[Site "Adelaide"]
[Date "2008.07.05"]
[Round "4"]
[White "Jackson, Ralph E"]
[Black "Toth, Andras"]
[Result "0-1"]
[WhiteElo "1899"]
[BlackElo "2401"]
[PlyCount "82"]
[EventDate "2008.07.05"]
[EventType "swiss"]
[EventRounds "7"]
[EventCountry "AUS"]
[SourceTitle "EXT 2010"]
[Source "ChessBase"]
[SourceDate "2010.11.25"]
[SourceVersion "1"]
[SourceVersionDate "2010.11.25"]
[SourceQuality "1"]

1. Nf3 c5 2. c4 Nf6 3. Nc3 e6 4. g3 b6 5. Bg2 Bb7 6. 0-0 Be7 7. d4 cxd4 8. Nxd4 Bxg2 9. Kxg2 Qc8 10. Qa4 a6 11. f3 0-0 12. e4 d6 13. Be3 Qb7 14. a3 Rc8 15. Rac1 Nbd7 16. Rfd1 Ne5 17. b3 Nfd7 18. Nde2 Rab8 19. h3 Nc5 20. Bxc5 dxc5 21. f4 Nc6 22. b4 cxb4 23. axb4 Bxb4 24. Rd3 Rd8 25. Rcd1 Rxd3 26. Rxd3 h5 27. Qd1 Rc8 28. Kh2 Be7 29. Rd7 Rc7 30. Rd3 Na5 31. Nd4 Rxc4 32. Qxh5 Qc8 33. Nce2 Nc6 34. Qf3 Nxd4 35. Nxd4 Bc5 36. Nb3 Rc2+ 37. Kh1 Be7 38. Qd1 a5 39. Rd7 a4 40. Rxe7 axb3 41. Rd7 Rc1 0-1

[Event "Adelaide Interclub-A"]
[Site "Adelaide"]
[Date "2008.06.03"]
[Round "6.1"]
[White "Jackson, Ralph E"]
[Black "Zulfic, Fedja"]
[Result "1/2-1/2"]
[WhiteElo "1901"]
[BlackElo "1862"]
[PlyCount "77"]
[EventDate "2008.04.29"]
[EventType "team-tourn"]
[EventRounds "9"]
[EventCountry "AUS"]
[SourceTitle "EXT 2010"]
[Source "ChessBase"]
[SourceDate "2010.11.25"]
[SourceVersion "1"]
[SourceVersionDate "2010.11.25"]
[SourceQuality "1"]

1. d4 d5 2. Nf3 c6 3. e3 f5 4. c4 e6 5. a4 Nf6 6. Nc3 Bd6 7. Bd3 0-0 8. cxd5 exd5 9. Qb3 Kh8 10. a5 Qe8 11. Ne2 Ne4 12. Bd2 Qe7 13. h4 Be6 14. Nf4 Bg8 15. g3 Bxf4 16. gxf4 c5 17. Qa4 Nc6 18. h5 cxd4 19. Nxd4 Nc5 20. Nxc6 Nxd3+ 21. Ke2 Nxf4+ 22. Qxf4 bxc6 23. h6 c5 24. hxg7+ Qxg7 25. Rag1 Qxb2 26. Rb1 Qg7 27. Rhg1 Qe7 28. Rb7 Qf6 29. Rd7 Rad8 30. Rxa7 d4 31. Qc7 Rf7 32. Qxc5 d3+ 33. Kf1 Qa1+ 34. Kg2 Rg7+ 35. Rxg7 Qxg7+ 36. Kf1 Qa1+ 37. Kg2 Qg7+ 38. Kf1 Qa1+ 39. Kg2 1/2-1/2

[Event "Adelaide Interclub-A"]
[Site "Adelaide"]
[Date "2008.05.20"]
[Round "4.1"]
[White "Jackson, Ralph E"]
[Black "Kerr, Bill"]
[Result "1-0"]
[WhiteElo "1901"]
[BlackElo "1958"]
[PlyCount "120"]
[EventDate "2008.04.29"]
[EventType "team-tourn"]
[EventRounds "9"]
[EventCountry "AUS"]
[SourceTitle "EXT 2010"]
[Source "ChessBase"]
[SourceDate "2010.11.25"]
[SourceVersion "1"]
[SourceVersionDate "2010.11.25"]
[SourceQuality "1"]

1. Nf3 Nc6 2. d4 d5 3. g3 Bg4 4. Nbd2 Qd7 5. Bg2 0-0-0 6. b4 Nxb4 7. Ne5 Qf5 8. 0-0 Nxc2 9. Nxg4 Nxa1 10. Ne3 Qd7 11. Ba3 e6 12. Bxf8 Rxf8 13. Qxa1 Qa4 14. Qc3 Nf6 15. Rb1 Kb8 16. Nc2 Rd8 17. Rb4 Qxa2 18. Qc6 b6 19. Ra4 Rd6 20. Nb4 Rxc6 21. Nxc6+ Kb7 22. Na5+ bxa5 23. Rxa2 Kb6 24. Nb3 Kb5 25. Nxa5 c5 26. dxc5 Kxc5 27. Nb3+ Kb4 28. Nc1 a5 29. Nd3+ Kb5 30. Ne5 a4 31. Nxf7 Ra8 32. Ne5 a3 33. e3 Ka4 34. Nd3 Rc8 35. Bf1 Kb3 36. Ra1 a2 37. Nc1+ Rxc1 38. Rxc1 Kb2 39. Rd1 a1Q 40. Rxa1 Kxa1 41. f4 Ng4 42. Bh3 Nxe3 43. Bxe6 d4 44. Kf2 Kb2 45. Bg8 h5 46. Bh7 Kc3 47. h3 Nd5 48. Bg6 d3 49. Bxh5 d2 50. Bf3 Kc2 51. f5 d1Q 52. Bxd1+ Kxd1 53. g4 Kd2 54. Kf3 Kd3 55. g5 Nc7 56. Kf4 Kd4 57. f6 g6 58. h4 Nd5+ 59. Kg4 Ne3+ 60. Kf3 Nf5 1-0

[Event "Adelaide Interclub-A"]
[Site "Adelaide"]
[Date "2008.05.13"]
[Round "3.1"]
[White "Zorkovic, Ante"]
[Black "Jackson, Ralph E"]
[Result "0-1"]
[WhiteElo "1506"]
[BlackElo "1901"]
[PlyCount "136"]
[EventDate "2008.04.29"]
[EventType "team-tourn"]
[EventRounds "9"]
[EventCountry "AUS"]
[SourceTitle "EXT 2010"]
[Source "ChessBase"]
[SourceDate "2010.11.25"]
[SourceVersion "1"]
[SourceVersionDate "2010.11.25"]
[SourceQuality "1"]

1. e4 g6 2. d4 Bg7 3. Nf3 d6 4. Bc4 Nf6 5. Nc3 0-0 6. h3 Nxe4 7. Bxf7+ Rxf7 8. Nxe4 h6 9. c3 c6 10. Be3 Nd7 11. Qd2 Qf8 12. Nh4 Nf6 13. Nxg6 Nxe4 14. Qc2 Qe8 15. Qxe4 Bf5 16. Qh4 Bxg6 17. Bxh6 Bxh6 18. Qxh6 Rh7 19. Qe3 Qf7 20. b3 Rf8 21. f3 Qf5 22. 0-0 Be8 23. f4 Rf6 24. Rae1 Bd7 25. Qe4 Qh5 26. Rf3 Rg7 27. Kf1 Bf5 28. Qe3 Re6 29. Qf2 Be4 30. Rg3 d5 31. Rxg7+ Kxg7 32. f5 Qxf5 33. Qxf5 Bxf5 34. Rxe6 Bxe6 35. Kf2 Kg6 36. h4 Kf5 37. Kf3 Bg8 38. g4+ Kf6 39. Kf4 b6 40. a3 Bh7 41. h5 Bc2 42. g5+ Kf7 43. b4 Bd3 44. Ke5 Be2 45. h6 Bd3 46. Kf4 Ke6 47. Kg4 Bg6 48. Kf4 b5 49. Kg4 Kd6 50. Kf4 a6 51. Kg4 e5 52. Kf3 e4+ 53. Kf4 Ke7 54. Ke3 Kf7 55. Kf4 Bh7 56. Ke3 Kg6 57. Kf4 Bg8 58. Kg4 Be6+ 59. Kf4 Bg8 60. Kg4 e3 61. Kf3 Kxg5 62. Kxe3 Bh7 63. Kd2 Kxh6 64. Kc1 Kg5 65. Kb2 Kf4 66. Kb3 Ke3 67. a4 Kd2 68. axb5 axb5 0-1

[Event "Adelaide SA-ch"]
[Site "Adelaide"]
[Date "2008.03.11"]
[Round "6"]
[White "Jackson, Ralph E"]
[Black "Cloudsdale, Colin"]
[Result "1/2-1/2"]
[WhiteElo "1901"]
[BlackElo "1962"]
[PlyCount "124"]
[EventDate "2008.02.05"]
[EventType "tourn"]
[EventRounds "11"]
[EventCountry "AUS"]
[SourceTitle "EXT 2010"]
[Source "ChessBase"]
[SourceDate "2010.11.25"]
[SourceVersion "1"]
[SourceVersionDate "2010.11.25"]
[SourceQuality "1"]

1. c4 Nf6 2. g3 g6 3. Bg2 Bg7 4. Nc3 d6 5. Nf3 0-0 6. d4 c6 7. 0-0 Nbd7 8. e4 Qc7 9. h3 e5 10. Be3 exd4 11. Nxd4 Re8 12. Rc1 Nc5 13. Qc2 a5 14. Rfd1 Be6 15. Ndb5 cxb5 16. Nxb5 Qe7 17. Nxd6 Nfd7 18. Nxe8 Rxe8 19. Qd2 b6 20. b3 Ne5 21. Qd6 Qf6 22. f4 Ned7 23. Bd4 Qe7 24. Qxe7 Rxe7 25. Bxg7 Kxg7 26. Rd6 h5 27. Rf1 f6 28. Rfd1 Bf7 29. a3 Be8 30. b4 axb4 31. axb4 Nxe4 32. Bxe4 Rxe4 33. Rxd7+ Bxd7 34. Rxd7+ Kf8 35. Rc7 h4 36. Kf2 hxg3+ 37. Kxg3 Re3+ 38. Kg4 Rd3 39. h4 Rd4 40. Kf3 Rd3+ 41. Ke4 Rh3 42. Rc6 Kf7 43. Rxb6 Rxh4 44. Ke3 g5 45. fxg5 fxg5 46. c5 Ke7 47. b5 Rc4 48. Rb7+ Kd8 49. c6 g4 50. Kf2 Kc8 51. Kg3 Kd8 52. Kh4 Kc8 53. Rg7 Rb4 54. Rg5 Kc7 55. Rg7+ Kc8 56. Rb7 Kd8 57. b6 Kc8 58. Rc7+ Kb8 59. Rb7+ Kc8 60. Kg3 Rc4 61. Rc7+ Kb8 62. Kh4 Rb4 1/2-1/2

[Event "Adelaide Major op"]
[Site "Adelaide"]
[Date "2007.07.30"]
[Round "3"]
[White "Cloudsdale, Colin"]
[Black "Jackson, Ralph E"]
[Result "1-0"]
[WhiteElo "1929"]
[BlackElo "1938"]
[PlyCount "83"]
[EventDate "2007.07.17"]
[EventType "swiss"]
[EventRounds "5"]
[EventCountry "AUS"]
[SourceTitle "EXT 2010"]
[Source "ChessBase"]
[SourceDate "2010.11.25"]
[SourceVersion "1"]
[SourceVersionDate "2010.11.25"]
[SourceQuality "1"]

1. e4 d6 2. d4 Nf6 3. Nc3 c6 4. Nf3 Bg4 5. h3 Bh5 6. Be3 e6 7. Bd3 d5 8. Bg5 Qa5 9. Bxf6 gxf6 10. Qd2 Rg8 11. g4 Bg6 12. Nh4 Nd7 13. exd5 cxd5 14. Nxg6 hxg6 15. Nd1 Qb6 16. c3 Rh8 17. h4 0-0-0 18. Ne3 f5 19. f3 Bh6 20. 0-0-0 Bf4 21. Kb1 Nf6 22. Qe2 Kb8 23. h5 Rc8 24. Ka1 a5 25. Ng2 Bc7 26. hxg6 fxg6 27. Rde1 Rxh1 28. Rxh1 Ng8 29. a4 Qd6 30. Bb5 Rd8 31. Rh7 fxg4 32. fxg4 Qg3 33. Rg7 e5 34. Ne1 Nf6 35. Nd3 e4 36. Nc5 Qf3 37. Ne6 Rc8 38. Rxg6 Qh1+ 39. Ka2 Qh8 40. Nc5 Ne8 41. Bd7 Qh7 42. Qb5 1-0

[Event "Adelaide Major op"]
[Site "Adelaide"]
[Date "2007.07.26"]
[Round "1"]
[White "Short, Andrew"]
[Black "Jackson, Ralph E"]
[Result "0-1"]
[WhiteElo "1666"]
[BlackElo "1938"]
[PlyCount "72"]
[EventDate "2007.07.17"]
[EventType "swiss"]
[EventRounds "5"]
[EventCountry "AUS"]
[SourceTitle "EXT 2010"]
[Source "ChessBase"]
[SourceDate "2010.11.25"]
[SourceVersion "1"]
[SourceVersionDate "2010.11.25"]
[SourceQuality "1"]

1. e4 d6 2. d4 Nf6 3. Nc3 c6 4. Nf3 g6 5. Bg5 Bg7 6. Qd2 b5 7. e5 b4 8. exf6 bxc3 9. bxc3 exf6 10. Bh6 0-0 11. Bxg7 Re8+ 12. Be2 Ba6 13. Ng1 Kxg7 14. Kf1 Qa5 15. Bxa6 Qxa6+ 16. Ne2 Nd7 17. h4 h6 18. Rh3 Nb6 19. Qd3 Nc4 20. Rg3 d5 21. Nf4 Re4 22. Nh5+ Kh8 23. Nxf6 Rxh4 24. Kg1 Kg7 25. Nd7 Qa3 26. Re1 Qd6 27. Qf5 Rf4 28. Qh3 Re4 29. Rxe4 dxe4 30. Nc5 Rb8 31. Qg4 Rb1+ 32. Kh2 Nd2 33. Nxe4 Nf1+ 34. Kh3 Ne3 35. Kh4 Qe7+ 36. Ng5 Rh1+ 0-1

[Event "Adelaide Checkmate op"]
[Site "Adelaide"]
[Date "2007.07.08"]
[Round "6"]
[White "Jackson, Ralph E"]
[Black "Peake, Michael R"]
[Result "0-1"]
[WhiteElo "1938"]
[BlackElo "1774"]
[PlyCount "76"]
[EventDate "2007.07.07"]
[EventType "swiss"]
[EventRounds "7"]
[EventCountry "AUS"]
[SourceTitle "EXT 2010"]
[Source "ChessBase"]
[SourceDate "2010.11.25"]
[SourceVersion "1"]
[SourceVersionDate "2010.11.25"]
[SourceQuality "1"]

1. d4 d5 2. Nf3 e6 3. e3 Nf6 4. Bd3 c5 5. b3 Nc6 6. 0-0 Be7 7. Bb2 Qc7 8. Nbd2 Bd7 9. Ne5 cxd4 10. exd4 0-0 11. a3 Rac8 12. f4 h6 13. g4 Nxe5 14. fxe5 Nh7 15. Qe1 Qd8 16. Nf3 Ng5 17. Bc1 Nxf3+ 18. Rxf3 Bg5 19. Rh3 f6 20. Bxg5 fxg5 21. Rg3 Rf4 22. c3 Qb6 23. Qe3 Rcf8 24. b4 Bb5 25. a4 Bxd3 26. Qxd3 Qc7 27. Re1 Qf7 28. a5 Rxg4 29. Rf1 Rxg3+ 30. hxg3 Qxf1+ 31. Qxf1 Rxf1+ 32. Kxf1 g4 33. Ke2 Kf7 34. Kd3 g5 35. c4 dxc4+ 36. Kxc4 Ke7 37. d5 exd5+ 38. Kxd5 h5 0-1

[Event "Adelaide Checkmate op"]
[Site "Adelaide"]
[Date "2007.07.07"]
[Round "2"]
[White "Jackson, Ralph E"]
[Black "Gibbs, Glen"]
[Result "1-0"]
[WhiteElo "1938"]
[BlackElo "1800"]
[PlyCount "33"]
[EventDate "2007.07.07"]
[EventType "swiss"]
[EventRounds "7"]
[EventCountry "AUS"]
[SourceTitle "EXT 2010"]
[Source "ChessBase"]
[SourceDate "2010.11.25"]
[SourceVersion "1"]
[SourceVersionDate "2010.11.25"]
[SourceQuality "1"]

1. d4 d5 2. Nf3 Nf6 3. e3 c6 4. Bd3 e6 5. 0-0 Nbd7 6. Nbd2 Be7 7. Re1 0-0 8. c3 Qc7 9. e4 dxe4 10. Nxe4 Nxe4 11. Rxe4 c5 12. Bg5 Nf6 13. Rh4 h6 14. Bxh6 gxh6 15. Qd2 Nd5 16. Qxh6 Bxh4 17. Qh7# 1-0

[Event "Adelaide Checkmate op"]
[Site "Adelaide"]
[Date "2007.07.07"]
[Round "1"]
[White "Johansen, Darryl Keith"]
[Black "Jackson, Ralph E"]
[Result "1-0"]
[WhiteElo "2445"]
[BlackElo "1938"]
[PlyCount "71"]
[EventDate "2007.07.07"]
[EventType "swiss"]
[EventRounds "7"]
[EventCountry "AUS"]
[SourceTitle "EXT 2010"]
[Source "ChessBase"]
[SourceDate "2010.11.25"]
[SourceVersion "1"]
[SourceVersionDate "2010.11.25"]
[SourceQuality "1"]

1. c4 d6 2. d4 Nf6 3. Nc3 c6 4. e4 Nbd7 5. Nf3 e5 6. Be2 Be7 7. 0-0 0-0 8. Qc2 h6 9. Rb1 a5 10. b3 Re8 11. Rd1 Qc7 12. Bb2 Bf8 13. Bf1 exd4 14. Nxd4 Nc5 15. Re1 Ne6 16. Nf5 g6 17. Ne3 Bg7 18. Rbd1 Ng5 19. f3 Nh5 20. Na4 b6 21. Bxg7 Nxg7 22. Qd2 Re6 23. Nc3 Bb7 24. Nc2 Qe7 25. Nd4 Rf6 26. Na4 c5 27. Nb5 Rxf3 28. Qxd6 Nh3+ 29. gxh3 Qg5+ 30. Bg2 Re3 31. Qd2 Rxe1+ 32. Qxe1 Re8 33. Nd6 Re7 34. Qg3 Qf6 35. Nxb7 Rxb7 36. e5 1-0

[Event "Doeberl Cup 43rd"]
[Site "Canberra"]
[Date "2005.03.27"]
[Round "6"]
[White "Jackson, Ralph E"]
[Black "Cronan, James"]
[Result "1-0"]
[WhiteElo "1986"]
[BlackElo "1890"]
[PlyCount "90"]
[EventDate "2005.03.25"]
[EventType "swiss"]
[EventRounds "7"]
[EventCountry "AUS"]
[SourceTitle "CBM 105 Extra"]
[Source "ChessBase"]
[SourceDate "2005.05.01"]
[SourceVersion "1"]
[SourceVersionDate "2005.05.01"]
[SourceQuality "1"]

1. d4 Nc6 2. g3 e5 3. d5 Nce7 4. e4 Ng6 5. h4 Bc5 6. Bg5 f6 7. Bc1 d6 8. Bh3 c6 9. c4 b5 10. cxb5 cxb5 11. Qe2 Qb6 12. a4 bxa4 13. Rxa4 N6e7 14. Nc3 f5 15. exf5 Nxf5 16. Nf3 Nf6 17. Bxf5 Bxf5 18. Nxe5 0-0 19. Nc4 Qb7 20. Ne3 Rae8 21. 0-0 Bd7 22. Qa6 Qb3 23. Rf4 Bh3 24. Rd1 Bxe3 25. Bxe3 Qxb2 26. Bd4 Qb3 27. Qxa7 Rf7 28. Qb6 Qc2 29. Qb1 Qxb1 30. Rxb1 Ng4 31. Rxf7 Kxf7 32. f3 Nf6 33. g4 h5 34. g5 Ng8 35. Ne4 Rd8 36. Rb6 Ne7 37. Rb7 Kf8 38. Bxg7+ Kxg7 39. Rxe7+ Kg6 40. Kf2 Bf5 41. Kg3 Bc8 42. Nf2 Rf8 43. Nd3 Kf5 44. Nf4 Rh8 45. Rf7+ Ke5 1-0